Оценка психологической подготовленности сотрудников экстренных служб к деятельности в условиях чрезвычайных ситуаций; Неразрушающий контроль; Т. 3

التفاصيل البيبلوغرافية
Parent link:Неразрушающий контроль: сборник трудов VI Всероссийской научно-практической конференции "Неразрушающий контроль: электронное приборостроение, технологии, безопасность", Томск, 23-27 мая 2016 г./ Национальный исследовательский Томский политехнический университет (ТПУ).— , 2016
Т. 3.— [С. 187-192]
المؤلف الرئيسي: Лиховодова Ю. Н.
مؤلف مشترك: Национальный исследовательский Томский политехнический университет (ТПУ) Институт неразрушающего контроля (ИНК) Кафедра экологии и безопасности жизнедеятельности (ЭБЖ)
مؤلفون آخرون: Федоренко О. Ю. Ольга Юрьевна (научный руководитель)
الملخص:Заглавие с экрана
اللغة:الروسية
منشور في:
سلاسل:Экология и техносферная безопасность
الموضوعات:
الوصول للمادة أونلاين:http://earchive.tpu.ru/handle/11683/32795
التنسيق: MixedMaterials الكتروني فصل الكتاب
KOHA link:https://koha.lib.tpu.ru/cgi-bin/koha/opac-detail.pl?biblionumber=620718

MARC

LEADER 00000naa2a2200000 4500
001 620718
005 20231101133127.0
035 |a (RuTPU)RU\TPU\conf\19240 
035 |a RU\TPU\conf\19238 
090 |a 620718 
100 |a 20161013d2016 k y0rusy50 ca 
101 0 |a rus 
102 |a RU 
105 |a y z 100zy 
135 |a drcn ---uucaa 
181 0 |a i  
182 0 |a b 
200 1 |a Оценка психологической подготовленности сотрудников экстренных служб к деятельности в условиях чрезвычайных ситуаций  |f Ю. Н. Лиховодова  |g науч. рук. О. Ю. Федоренко 
203 |a Текст  |c электронный 
225 1 |a Экология и техносферная безопасность 
230 |a 1 компьютерный файл (pdf; 519 Kb) 
300 |a Заглавие с экрана 
320 |a [Библиогр.: с. 192 (5 назв.)] 
461 1 |0 (RuTPU)RU\TPU\conf\19000  |t Неразрушающий контроль  |o сборник трудов VI Всероссийской научно-практической конференции "Неразрушающий контроль: электронное приборостроение, технологии, безопасность", Томск, 23-27 мая 2016 г.  |o в 3 т.  |f Национальный исследовательский Томский политехнический университет (ТПУ)  |d 2016 
463 1 |0 (RuTPU)RU\TPU\conf\19003  |t Т. 3  |v [С. 187-192] 
610 1 |a труды учёных ТПУ 
610 1 |a электронный ресурс 
610 1 |a психологическая подготовленность 
610 1 |a сотрудники 
610 1 |a чрезвычайные ситуации 
610 1 |a профессиональная подготовка 
610 1 |a компетенции 
610 1 |a психологическая подготовка 
610 1 |a МЧС 
610 1 |a стрессовые ситуации 
700 1 |a Лиховодова  |b Ю. Н. 
702 1 |a Федоренко  |b О. Ю.  |c специалист в области экологии и безопасности жизнедеятельности  |c профессор Томского политехнического университета, доктор медицинских наук  |f 1973-  |g Ольга Юрьевна  |2 stltpush  |4 727 
712 0 2 |a Национальный исследовательский Томский политехнический университет (ТПУ)  |b Институт неразрушающего контроля (ИНК)  |b Кафедра экологии и безопасности жизнедеятельности (ЭБЖ)  |h 4850  |2 stltpush  |3 (RuTPU)RU\TPU\col\18720 
801 2 |a RU  |b 63413507  |c 20161020  |g RCR 
856 4 |u http://earchive.tpu.ru/handle/11683/32795 
942 |c BK